=LDR 00000nam 2200000 4500 =001 INLIS000000000038353 =005 20130612144025 =008 ***********************************Ind** =035 ##$$0010-061300000038353 =041 ##$$a Ind =082 ##$$a 641.8 =090 ##$$a 641.8, Kus d =100 ##$$a Kusumo, Wahyu =245 ##$$a 25 sajian terlezat, Yuk otak atik adonan kue dan roti, Wahyu Kusumo =260 ##$$a 2011 $b Jakarta =300 ##$$a 56 hlm, Ilus, 24 cm =650 ##$$a Kue, Resep =700 ##$$a Reggie, Refeila =850 ##$$a NBPNMAT =990 ##$$a 0001/BPAP-NTB/20142015 =990 ##$$a 0001/BPAP-NTB/20142015 =990 ##$$a 0001/BPAP-NTB/2016 =990 ##$$a 28132813 =990 ##$$a 0001/BPAP-NTB/20142015 =990 ##$$a 0001/BPAP-NTB/20142015 =990 ##$$a 0001/BPAP-NTB/2016 =990 ##$$a 01201802813